000 00519nam a22001697a 4500
003 OSt
005 20260305112016.0
008 260305b |||||||| |||| 00| 0 eng d
040 _cMRSPTU
041 _aEnglish
100 _aNitin Kathuria, Supervisor: Dr. Bal Krishan
245 _aStabilization of Clayey Soil Using Cow Dung ASH
260 _bDepartment of Civil Engg. MRSPTU, Bathinda
_c2018
650 _aCivil Engineering
856 _uhttp://163.47.215.52:8080/jspui/handle/123456789/270
942 _2ddc
_cTH
_n0
999 _c11072
_d11072